• 首页
  • 本馆介绍
  • 公告通知
  • 最新文献
  • 馆藏检索
  • 电子资源
  • 读者荐购
  • 参考咨询
  • CALIS
  • 我的图书馆
  • 登录
  • 详细信息显示
  • 放入我的书架
  • 预约/预借图书
  • 作者相关作品
  • 分类相关作品
  • 丛书相关作品
  • 出版社相关作品

书目信息

  • 表格格式
  • 工作单格式
  • 卡片格式
题名:
智能建筑施工与管理技术探索
    
 
作者: 李欣 著
分册:  
出版信息: 长春   吉林科学技术出版社  2024.06
页数: 231页
开本: 26cm
丛书名:
单 册:
中图分类: TU745 , TU71
科图分类:
主题词: 智能化建筑--zhi neng hua jian zhu--建筑施工 , 智能化建筑--zhi neng hua jian zhu--施工管理
电子资源:
ISBN: 978-7-5744-1437-2
 
 
 
 
 
000 00947nam0 2200265 450
001 92570
005 20250818095814.35
010    @a978-7-5744-1437-2@dCNY90.00
100    @a20241127d2024 em y0chiy50 ea
101 0  @achi
102    @aCN@b220000
105    @ay a 000yy
106    @ar
200 1  @a智能建筑施工与管理技术探索@Azhi neng jian zhu shi gong yu guan li ji shu tan suo@f李欣著
210    @a长春@c吉林科学技术出版社@d2024.06
215    @a231页@d26cm
320    @a有书目 (第231页)
330    @a本书主要内容包括: 智能建筑施工与管理技术概述 ; 智能建筑技术基础 ; 智能建筑设计与规划 ; 智能建筑施工技术 ; 智能建筑项目管理 ; 智能建筑运维与维护 ; 智能建筑与城市规划。
606 0  @a智能化建筑@Azhi neng hua jian zhu@x建筑施工
606 0  @a智能化建筑@Azhi neng hua jian zhu@x施工管理
690    @aTU745@v5
690    @aTU71@v5
701  0 @a李欣@Ali xin@4著
801  0 @aCN@c20250909
905    @a河南城建学院图书馆@dTU745@eL305@f1
    
    智能建筑施工与管理技术探索/李欣著.-长春:吉林科学技术出版社,2024.06
    231页;26cm
    
    
    ISBN 978-7-5744-1437-2:CNY90.00
    本书主要内容包括: 智能建筑施工与管理技术概述 ; 智能建筑技术基础 ; 智能建筑设计与规划 ; 智能建筑施工技术 ; 智能建筑项目管理 ; 智能建筑运维与维护 ; 智能建筑与城市规划。
●
相关链接 在E读中查询图书 在当当中查询图书 在豆瓣中查询图书


正题名:智能建筑施工与管理技术探索     索取号:TU745/L305         预约/预借

序号 登录号 条形码 馆藏地/架位号 状态 备注
1 1626534   216265342   建筑库201/201建筑库 108排8列5层/ [索取号:TU745/L305] 在馆    
河南城建学院图书馆 欢迎您!
大连网信软件有限公司© 版权所有